000 01156cam a2200349 a 4500
001 4080
003 FISKH
005 20240607100639.0
008 961224s1997 nyua b 000 1 eng
010 _a 96054639
020 _a0590255061
020 _a9780590255066
040 _aDLC
_cDLC
_dDLC
042 _alcac
050 0 0 _aPZ7.K494
_bBu 1997
082 0 0 _a398.2978
_221
100 1 _aKetteman, Helen.
245 1 0 _aBubba the cowboy prince :
_ba fractured Texas tale /
_cHelen Ketteman ; illustrated by James Warhola.
260 _aNew York :
_bScholastic,
_c1997.
300 _a32 unnumbered pages :
_bcolor illustrations ;
_c24 x 26 cm.
505 _aJ
520 _aLoosely based on "Cinderella," this story is set in Texas, the fairy godmother is a cow, and the hero, named Bubba, is the stepson of a wicked rancher.
521 8 _a500
_bLexile estimate
521 8 _aJ
_bRaz-Plus
650 1 _aHumorous stories.
650 1 _aCowboys
_xFiction.
651 1 _aTexas
_xFiction.
700 1 _aWarhola, James,
_eillustrator
906 _a7
_bcbc
_corignew
_d1
_eocip
_f19
_gy-gencatlg
942 _2ddc
_cBK
_n0
999 _c4080
_d4080